Introduction to instrumental analysis / (Record no. 73191)

MARC details
000 -LEADER
fixed length control field 00823nam a22002537a 4500
005 - DATE AND TIME OF LATEST TRANSACTION
control field 20130122111719.0
008 - FIXED-LENGTH DATA ELEMENTS--GENERAL INFORMATION
fixed length control field 130122t xxu||||| |||| 00| 0 eng d
010 ## - LCCN (DPL NO)
LC control number ENG-106633
020 ## - INTERNATIONAL STANDARD BOOK NUMBER
International Standard Book Number 9789381075920
Terms of availability 995.00
035 ## - SYSTEM CONTROL NUMBER
System control number EN-90166
037 ## - SOURCE OF ACQUISITION
Source of stock number/acquisition DBAD / PUB
040 ## - CATALOGING SOURCE
Original cataloging agency DPL
Language of cataloging ENG
082 ## - DEWEY DECIMAL CLASSIFICATION NUMBER
Classification number 543
100 ## - MAIN ENTRY--PERSONAL NAME
Personal name Braun, Robert D.
9 (RLIN) 54940
245 ## - TITLE STATEMENT
Title Introduction to instrumental analysis /
Statement of responsibility, etc by Robert D. Braun
250 ## - EDITION STATEMENT
Edition statement 2nd ed
260 ## - PUBLICATION, DISTRIBUTION, ETC. (IMPRINT)
Place of publication, distribution, etc Hyderabad
Name of publisher, distributor, etc PharmaMed Press
Date of publication, distribution, etc 2012
270 ## - ADDRESS
Address 4-4-316, Giriraj Lane, Sultan Bazar,
City Hyderabad
Postal code 500095
300 ## - PHYSICAL DESCRIPTION
Extent xi, 1096p.
Dimensions 24cm(pbk)
500 ## - GENERAL NOTE
General note Includes index
700 ## - ADDED ENTRY--PERSONAL NAME
9 (RLIN) 54941
942 ## - ADDED ENTRY ELEMENTS (KOHA)
Source of classification or shelving scheme Dewey Decimal Classification
Item type English Books
Call number suffix BRA
Classification part 543
Holdings
Withdrawn status Lost status Source of classification or shelving scheme Damaged status Not for loan Collection code Home library Current library Date acquired Source of acquisition Cost, normal purchase price Total Checkouts Full call number Barcode Date last seen Copy number Cost, replacement price Koha item type
    Dewey Decimal Classification     Non-fiction D.B.Act.Division D.B.Act.Division 22/01/2013 DBAD/PUB 995.00   543 BRA EN-90166 22/01/2013 1 995.00 English Books

© Delhi Public Library
Hit Counter
free hit counter